Mechanics /

Guardado en:
Autor Principal: Landau, L. D. 1908-1968.
Otros Autores: Lifshits, E. M.
Formato: Libro
Idioma:English
Russian
Publicado: Oxford : Pergamon Press, 1976.
Edición:3rd ed.
Series:Pergamon international library of science, technology, engineering, and social studies
Landau, L. D. (Lev Davidovich), 1908-1968. Teoreticheskaia fizika (Izd. 3-e). v. 1.
Materias:
Etiquetas: Agregar Etiqueta
Sin Etiquetas, Sea el primero en etiquetar este registro!
LEADER 01519cam a2200325 a 4500
001 MAT.inmabb002777
008 760603s1976####enka#####b####001#0deng##
005 20180611162454.0
245 1 0 |a Mechanics /  |c by L. D. Landau and E. M. Lifshitz ; translated from the Russian by J. B. Sykes and J. S. Bell. 
250 |a 3rd ed. 
260 |a Oxford :  |b Pergamon Press,  |c 1976. 
300 |a xxvii, 169 p. :  |b il., retrs. ;  |c 25 cm. 
490 1 |a Course of theoretical physics ;  |v v. 1 
440 0 |a Pergamon international library of science, technology, engineering, and social studies 
500 |a Traducción de: Mekhanika (1973). 
500 |a Incluye: Lev Davidovich Landau (1908-1968) / by E. M. Lifshitz (p. ix-xxvii). 
504 |a Includes bibliographical references and index. 
505 8 |a Capítulos: 1. The equations of motion -- 2. Conservation laws -- 3. Integration of the equations of motion -- 4. Collisions between particles -- 5. Small oscillations -- 6. Motion of a rigid body -- 7. The canonical equations. 
020 |a 0080210228 
020 |a 0080210201 
100 1 |a Landau, L. D.  |q (Lev Davidovich),  |d 1908-1968. 
240 1 0 |a Mekhanika.  |l Inglés 
700 1 |a Lifshits, E. M.  |q (Evgenii Mikhailovich) 
800 1 |a Landau, L. D.  |q (Lev Davidovich),  |d 1908-1968.  |t Teoreticheskaia fizika (Izd. 3-e).  |l Inglés ;  |v v. 1. 
650 0 |a Mechanics, Analytic. 
084 |a 70-01  |2 MR 
010 |a  76018997  
040 |a DLC  |c DLC  |d DLC 
041 1 |a eng  |h rus 
859 |h 70  |i L253-3  |p A-5226  |b BIB. MATEMATICA